书目信息 |
| 书名: | Content Nation: Surviving and Thriving as Social Media Changes Our Work, Our Lives, and Our Future | |
| 作者: | John Blossom | |
| 分册号: | ||
| 分册名: | 出版地: | America |
|
| 出版社: | Wiley Publishing,Inl | |
| 出版时间: | 2009 | |
| 页数: | 348p | |
| 开本: | 24cm | |
| 丛书名: | ||
| 中图分类号: | ||
| 科图分类号: | ||
| 其他分类号: | K961.29 | |
| 主题词: | ||
| 电子资源: | ||
| 000 | 00472nam0 2200145 450 | |
| 001 | 202012002628 | |
| 005 | 20121129103735.0 | |
| 008 | 12112901s | |
| 020 | @a9780470379219@c$24.99 | |
| 099 | @dK961.29@eJ653 | |
| 245 | 10 | @aContent Nation: Surviving and Thriving as Social Media Changes Our Work, Our Lives, and Our Future @cJohn Blossom |
| 260 | 0 | @aAmerica@bWiley Publishing,Inl@c2009 |
| 300 | @a348p@c24cm | |
| 905 | @b13309-10 | |
| 905 | @aTSG@dK961.29@eJ653 | |
| Content Nation: Surviving and Thriving as Social Media Changes Our Work, Our Lives, and Our Future / John Blossom.-America : Wiley Publishing,Inl , 2009 |
| 348p ; 24cm |
| ISBN 9780470379219$24.99 |
| ● |
| 相关链接 |
|
|
|
正题名:Content Nation: Surviving and Thriving a
索取号:K961.29/J653
 
预约/预借
| 序号 | 登录号 | 条形码 | 馆藏地/架位号 | 状态 | 备注 |
| 1 | 13309 | 300133095 | 社科库309/309社科库 999排4列2层/ [索取号:K961.29/J653] | 在馆 | |
| 2 | 13310 | 300133102 | 社科库309/309社科库 999排4列2层/ [索取号:K961.29/J653] | 在馆 |